000
00319nam a22001457a 4500
999
_c
161949
_d
161949
082
_a
_b
100
_a
John Lyons
245
_a
Introduction to theoretical linguistics/
_c
by John Lyons.
260
_a
New Delhi:
_b
cambridge,
_c
1992.
300
_a
517p.
600
_a
650
_a
700
_a
942
_c
BK